|
|
|
|
| LEADER |
00000nab a2200000 a 4500 |
| 001 |
vtls008409712 |
| 003 |
SK-MaSNL |
| 005 |
20260304214813.0 |
| 008 |
250505c2005 xo mr|p|||||||000 b|slo |
| 015 |
|
|
|a SNBRB2005/11
|2 snkbucl
|
| 035 |
|
|
|a (uuid)f224069d-cefa-448f-baec-28112f693b05
|
| 035 |
|
|
|a urn:nbn:sk:snk-abvqh
|
| 035 |
|
|
|a (urnnbn)urn:nbn:sk:snk:ar-a00rm4
|
| 038 |
|
|
|a SNKBUCL
|
| 040 |
|
|
|a SNKBUCL
|b slo
|c SNKBUCL
|e AACR2
|
| 041 |
0 |
|
|a slo
|
| 044 |
|
|
|a xo
|c SK
|
| 080 |
|
|
|a 638.153/.154:615.285
|2 1997
|
| 080 |
|
|
|a 636.09:615.285
|2 1997
|
| 080 |
|
|
|a 619:615.285
|2 1997
|
| 100 |
1 |
|
|a Matisovský, Martin
|4 aut
|9 1548891
|
| 245 |
1 |
0 |
|a Je BienenFit účinný a užitočný?
|c Martin Matisovský
|
| 300 |
|
|
|b Fotogr.
|
| 650 |
0 |
7 |
|a varroáza
|2 snkbucl
|9 182598
|
| 650 |
0 |
7 |
|a včelstvá
|2 snkbucl
|9 16615
|
| 650 |
0 |
7 |
|a terapia
|2 snkbucl
|9 781
|
| 650 |
0 |
7 |
|a veterinárne liečivá
|2 snkbucl
|9 58129
|
| 650 |
0 |
7 |
|a BienenFit (veterinárne liečivo)
|2 snkbucl
|9 1548892
|
| 773 |
0 |
|
|t Včelár
|g Roč. 79, č. 8 (2005), s. 119
|x 0139-6064
|
| 850 |
|
|
|a Slovenská národná knižnica
|
| 852 |
|
|
|a Slovenská národná knižnica
|
| 954 |
|
|
|a odborná, vedecká literatúra pôvodná (slovenská)
|2 lita
|
| 958 |
|
|
|a article27
|
| 958 |
|
|
|a OND
|
| 958 |
|
|
|a EUIPO
|
| 999 |
|
|
|c 3143347
|d 3145277
|